Význam Ukrajiny pre strategické rozvojové zámery zahraničnoobchodných vzťahov EÚ so zameraním na Slovensko diplomová práca

Enregistré dans:
Détails bibliographiques
Auteur principal: Kováčová, Alexandra
Collectivité auteur: Obchodná fakulta EU. Katedra medzinárodného obchodu
Autres auteurs: Kašťáková, Elena, 1974-
Format: Livre
Langue:slovaque
Publié: Bratislava 2016
Tags: Ajouter un tag
Pas de tags, Soyez le premier à ajouter un tag!

MARC

LEADER 00000nbm a2200000 4500
001 0216552
005 20161123150434.2
041 0 |a slo 
044 |a SK 
245 1 0 |a Význam Ukrajiny pre strategické rozvojové zámery zahraničnoobchodných vzťahov EÚ so zameraním na Slovensko  |b diplomová práca  |c Alexandra Kováčová ; školiteľ: Elena Kašťáková 
264 1 |a Bratislava  |c 2016 
300 |a 90 s. 
100 1 |a Kováčová, Alexandra 
700 1 |a Kašťáková, Elena, 1974- 
710 2 |a Obchodná fakulta EU. Katedra medzinárodného obchodu